000 00639 a2200193 4500
010 _aENG-85428
020 _c150.00
_a8187566299
035 _aEN-68961
037 _bD.B.Act / Pub
082 1 4 _a181.499
090 _c3048
_d3048
100 1 _aMandal, Ram Kishore
245 1 _aThe integral view of life
_cby Ram Kishore Mandal
260 _aNew Delhi
_bKala Prakashan
_c2006
270 _aB 33/33A-1, New Saket Colony, B.H.U.
_bVaranasi
_cUttar Pradesh
_e221005
_k2310682
300 _a63 p.
_c22 cm. (Hb)
942 _adpl
_cEN
_k181.499 / MAN
999 _c2988
_d2988